000 00221nam a2200097Ia 4500
008 190216s9999||||xx |||||||||||||| ||und||
100 _aBabu
245 0 _aMechanical Engineering
260 _bKerala Basha Inst
942 _cBK
999 _c37711
_d37711